The Invention of the Brazilian Northeast /
One of Brazil's leading historians denaturalizes the country's Northeast, showing when, by whom, and for what reasons the region was invented as a region with a particular identity.
| Autor principal: | |
|---|---|
| Otros Autores: | , |
| Formato: | Electrónico eBook |
| Idioma: | Inglés Portugués |
| Publicado: |
Durham :
Duke University Press,
2014.
|
| Colección: | Book collections on Project MUSE.
|
| Temas: | |
| Acceso en línea: | Texto completo |
MARC
| LEADER | 00000cam a22000004a 4500 | ||
|---|---|---|---|
| 001 | musev2_70089 | ||
| 003 | MdBmJHUP | ||
| 005 | 20230905051230.0 | ||
| 006 | m o d | ||
| 007 | cr||||||||nn|n | ||
| 008 | 140920t20142014ncu o 00 0 eng d | ||
| 020 | |a 9780822376071 | ||
| 020 | |z 9780822357858 | ||
| 020 | |z 9780822357704 | ||
| 035 | |a (OCoLC)1152059157 | ||
| 040 | |a MdBmJHUP |c MdBmJHUP | ||
| 041 | 1 | |a eng |h por | |
| 100 | 1 | |a Albuquerque Jr., Durval Muniz de |q (Albuquerque Júnior), |e author. | |
| 240 | 1 | 0 | |a Invenção do nordeste e outras artes. |l English |
| 245 | 1 | 4 | |a The Invention of the Brazilian Northeast / |c Durval Muniz de Albuquerque Jr. ; with a foreword by James N. Green ; translated by Jerry Dennis Metz. |
| 264 | 1 | |a Durham : |b Duke University Press, |c 2014. | |
| 264 | 3 | |a Baltimore, Md. : |b Project MUSE, |c 2020 | |
| 264 | 4 | |c ©2014. | |
| 300 | |a 1 online resource (293 pages): |b illustrations | ||
| 336 | |a text |b txt |2 rdacontent | ||
| 337 | |a computer |b c |2 rdamedia | ||
| 338 | |a online resource |b cr |2 rdacarrier | ||
| 490 | 0 | |a Latin America in Translation | |
| 505 | 0 | |a Geography in ruins -- The regionalist gaze -- The new regionalism -- Regionalist literature -- North versus south -- Spaces of nostalgia -- Stories of tradition -- The invention of the Northeast -- Northeastern pages -- Northeastern brush strokes -- Northeastern music -- Northeastern dramas -- Territories of revolt -- The inversion of the Northeast -- Controversy and indignation -- Portraits of misery and pain -- Images that cut and pierce -- Seeing through the camera eye. | |
| 520 | |a One of Brazil's leading historians denaturalizes the country's Northeast, showing when, by whom, and for what reasons the region was invented as a region with a particular identity. | ||
| 546 | |a Translated from the Portuguese. | ||
| 588 | |a Description based on print version record. | ||
| 651 | 7 | |a Brasilien |2 gnd | |
| 651 | 7 | |a Northeast Brazil. |2 fast |0 (OCoLC)fst01692631 | |
| 651 | 6 | |a Nordeste (Bresil) |x Conditions sociales. | |
| 651 | 0 | |a Brazil, Northeast |x Social conditions. | |
| 651 | 0 | |a Brazil, Northeast |x History. | |
| 650 | 7 | |a Socialhistoria. |2 sao | |
| 650 | 7 | |a Historia. |2 sao | |
| 650 | 7 | |a Regionalismus |2 gnd | |
| 650 | 7 | |a Nationenbildung |2 gnd | |
| 650 | 7 | |a Social conditions. |2 fast |0 (OCoLC)fst01919811 | |
| 650 | 7 | |a HISTORY |z Latin America |z South America. |2 bisacsh | |
| 655 | 7 | |a History. |2 fast |0 (OCoLC)fst01411628 | |
| 655 | 7 | |a Electronic books. |2 local | |
| 700 | 1 | |a Green, James N., |e writer of foreword. | |
| 700 | 1 | |a Metz, Jerry Dennis, |e translator. | |
| 710 | 2 | |a Project Muse. |e distributor | |
| 830 | 0 | |a Book collections on Project MUSE. | |
| 856 | 4 | 0 | |z Texto completo |u https://projectmuse.uam.elogim.com/book/70089/ |
| 945 | |a Project MUSE - Custom Collection | ||


